A testbook of Astro Physics/ (Record no. 163773)

MARC details
000 -LEADER
fixed length control field 00453nam a22001697a 4500
005 - DATE AND TIME OF LATEST TRANSACTION
control field 20190430121312.0
010 ## - LCCN (DPL NO)
LC control number ENG-125104
020 ## - INTERNATIONAL STANDARD BOOK NUMBER
International Standard Book Number 9789350012154
Terms of availability 140.00
037 ## - SOURCE OF ACQUISITION
Source of stock number/acquisition DBAD/PUB
082 ## - DEWEY DECIMAL CLASSIFICATION NUMBER
Classification number 530
100 ## - MAIN ENTRY--PERSONAL NAME
Personal name Gokulakannan,R
245 ## - TITLE STATEMENT
Title A testbook of Astro Physics/
Statement of responsibility, etc by R.Gokulakannan
260 ## - PUBLICATION, DISTRIBUTION, ETC. (IMPRINT)
Place of publication, distribution, etc Perambalur:
Name of publisher, distributor, etc Mercury Printers & Publishers
Date of publication, distribution, etc 2009
270 ## - ADDRESS
City Perambalur
Postal code 621212
300 ## - PHYSICAL DESCRIPTION
Extent 251p
Other physical details 2 1cm
942 ## - ADDED ENTRY ELEMENTS (KOHA)
Source of classification or shelving scheme Dewey Decimal Classification
Item type English Books
Call number prefix GOK
Call number suffix 530
Holdings
Withdrawn status Lost status Not for loan Home library Current library Date acquired Source of acquisition Cost, normal purchase price Full call number Barcode Copy number Cost, replacement price Koha item type
    Not For Loan D.B.Act.Division Ashok Vihar 30/04/2019 DBAD/PUB 140.00 530 GOK EN-108636 1 140.00 English Books

© Delhi Public Library
Hit Counter
free hit counter